Normal view
MARC view
- DE-MECH-34
Entry Topical Term
001 - CONTROL NUMBER
- control field: 70777
003 - CONTROL NUMBER IDENTIFIER
- control field: NUST
005 - DATE AND TIME OF LATEST TRANSACTION
- control field: 20210628204543.0
008 - FIXED-LENGTH DATA ELEMENTS
- fixed length control field: 210628|| aca||aabn | a|a d
040 ## - CATALOGING SOURCE
- Original cataloging agency: NUST
- Transcribing agency: NUST
150 ## - HEADING--TOPICAL TERM
- Topical term or geographic name entry element: DE-MECH-34
670 ## - SOURCE DATA FOUND
- Source citation: Work cat.: (NUST): GC RAO TALAT SAEED GC JABRAN NAVEED CHEEMA GC MEHBOOB AHMED 70776, PR-SOF-1515-DIGITIZATION AND REFURBISHMENT OF GEAR BOX TEST BENCH OF HEAVY AND LIGHT VEHICLE IN 501 CENTRAL WORKSHOP, EME, 2016
